000
00217 a2200109 4500
020
_a
9780061929373
041
_a
eng
100
_a
Michael Crichton
245
_a
Pirate Latitudes
942
_c
BK
952
_7
1
_x
Ficcion
999
_c
25849
_d
25849